000 00819nam a2200229Ia 4500
003 GCL
008 140319s9999 xx 000 0 ara d
020 _a0015254977
040 _aGCL /
_cGCL
082 0 4 _a240
_bم ع
100 1 _aمحيى الدين احمد الصافى
245 1 0 _aالعقيدة الاسلامية والاخلاق /
_cمحيى الدين احمد الصافى
700 1 _aعبدالفتاح محمد عبدالكريم عبد
250 _aالاولى
260 _aالقاهرة :
_bالادارة المركزية للمعاهد الازهرية ،
_c1992
300 _a402 ص ؛
_c24 سم
490 _aالمستوى الاول
_v0
650 0 4 _aالاسلام
650 0 4 _aالاخلاق الاسلامية
650 0 4 _aالاداب الاسلامية
942 _2ddc
_cBK
999 _c35973
_d35973